LEADER 00903nam0-2200301---450- 001 990008417780403321 005 20061114113844.0 010 $a88-8184-366-8 035 $a000841778 035 $aFED01000841778 035 $a(Aleph)000841778FED01 035 $a000841778 100 $a20061114d2005----km-y0itay50------ba 101 0 $aita 102 $aIT 105 $a--------001yy 200 1 $a<>manuale della rintracciabilità$eguida pratica all'elaborazione secondo l'art. 18 del Reg.CE 178 del 28 gennaio 2002$fLara Bacci, Silvia Rabazzi 210 $aRoma$cEPC Libri$d2005 215 $a207 p.$d22 cm 700 1$aBacci,$bLara$0432865 701 1$aRabazzi,$bSilvia$0432866 801 0$aIT$bUNINA$gRICA$2UNIMARC 901 $aBK 912 $a990008417780403321 952 $a1-7-805-TI$b9042$fECA 959 $aECA 996 $aManuale della rintracciabilità$986621 997 $aUNINA LEADER 01170nam a22002651i 4500 001 991000774419707536 005 20021028135441.0 008 021028s1987 it |||||||||||||||||ger 035 $ab12053107-39ule_inst 035 $aARCHE-014290$9ExL 040 $aDip.to Filologia Ling. e Lett.$bita$cA.t.i. Arché s.c.r.l. Pandora Sicilia s.r.l. 082 04$a630.3 100 1 $aHaensch, Gunther$0375007 245 10$aDizionario di agricoltura :$btedesco, inglese, francese, spagnolo, italiano, russo : sistematico e alfabetico /$cdi Gunther Haensch, Gisela Haberkamp de Anton 250 $a5. ed. interamente rifatta e ampliata 260 $aBologna :$bEdagricole,$cc1987 300 $aXXIX, 1264 p. ;$c23 cm 650 4$aAgricoltura$xDizionari 700 1 $aHaberkamp de Anton, Gisela$eauthor$4http://id.loc.gov/vocabulary/relators/aut$0354093 907 $a.b12053107$b02-04-14$c01-04-03 912 $a991000774419707536 945 $aLE008 FL.M. (f.r.) XL 255$g1$i2008000518127$lle008$o-$pE0.00$q-$rn$so $t0$u0$v0$w0$x0$y.i12347541$z01-04-03 996 $aDizionario di agricoltura$9360316 997 $aUNISALENTO 998 $ale008$b01-04-03$cm$da $e-$fger$git $h0$i1